Psychopatické črty pomáhajú v biznise aj politike, ale...

Rozhovor s riaditeľom Psychiatrickej liečebne v Bohniciach o psychiatrických ochoreniach, skrytej chorobnosti, príčinách depresií manažérov, alkoholizme a užívaní tvrdých a ľahkých drog, kokaíne, ktorý je rozšírený aj medzi manažérmi a pomáha im dosahovať výsledky.

Gespeichert in:
Bibliographische Detailangaben
1. Verfasser: Petková, Zuzana
Weitere Verfasser: Hollý, Martin
Format: Buchkapitel
Sprache:Slowakisch
Schlagworte:
Tags: Tag hinzufügen
Keine Tags, Fügen Sie das erste Tag hinzu!

MARC

LEADER 00000naa a2200000 4500
001 0191033
005 20231113101416.5
041 0 |a slo 
044 |a SK 
245 1 0 |a Psychopatické črty pomáhajú v biznise aj politike, ale...  |c Zuzana Petková, Martin Hollý 
520 |a Rozhovor s riaditeľom Psychiatrickej liečebne v Bohniciach o psychiatrických ochoreniach, skrytej chorobnosti, príčinách depresií manažérov, alkoholizme a užívaní tvrdých a ľahkých drog, kokaíne, ktorý je rozšírený aj medzi manažérmi a pomáha im dosahovať výsledky. 
610 2 0 |a zdravie 
610 2 0 |a zdravotníctvo 
610 2 0 |a alkoholizmus 
610 2 0 |a drogy 
610 2 0 |a práca 
610 2 0 |a manažéri 
610 2 0 |a emócie 
100 1 |a Petková, Zuzana 
700 1 |a Hollý, Martin